<?xml version="1.0" encoding="UTF-8"?>
<record
    xmlns:xsi="http://www.w3.org/2001/XMLSchema-instance"
    xsi:schemaLocation="http://www.loc.gov/MARC21/slim http://www.loc.gov/standards/marcxml/schema/MARC21slim.xsd"
    xmlns="http://www.loc.gov/MARC21/slim">

  <leader>01233pam a22003731i 4500</leader>
  <datafield tag="999" ind1=" " ind2=" ">
    <subfield code="c">169667</subfield>
    <subfield code="d">169667</subfield>
  </datafield>
  <controlfield tag="001">vtls000850956</controlfield>
  <controlfield tag="003">PNM</controlfield>
  <controlfield tag="005">20181014151220.0</controlfield>
  <controlfield tag="008">180409s2018    my     e     a001 0dmay  </controlfield>
  <datafield tag="015" ind1=" " ind2=" ">
    <subfield code="a">M181-01542</subfield>
  </datafield>
  <datafield tag="020" ind1=" " ind2=" ">
    <subfield code="a">9789674404611</subfield>
    <subfield code="q">paperback</subfield>
    <subfield code="c">RM28.00</subfield>
  </datafield>
  <datafield tag="039" ind1=" " ind2="9">
    <subfield code="a">201806080807</subfield>
    <subfield code="b">sham</subfield>
    <subfield code="c">201805311124</subfield>
    <subfield code="d">rasidah</subfield>
    <subfield code="c">201805220910</subfield>
    <subfield code="d">ain</subfield>
    <subfield code="c">201804112128</subfield>
    <subfield code="d">zuraidah_s</subfield>
  </datafield>
  <datafield tag="040" ind1=" " ind2=" ">
    <subfield code="a">BNM</subfield>
    <subfield code="b">eng</subfield>
    <subfield code="c">BNM</subfield>
    <subfield code="e">rda</subfield>
    <subfield code="d">PPAK</subfield>
  </datafield>
  <datafield tag="049" ind1=" " ind2=" ">
    <subfield code="a">mal</subfield>
  </datafield>
  <datafield tag="082" ind1="0" ind2="4">
    <subfield code="a">616.8582</subfield>
    <subfield code="2">23</subfield>
  </datafield>
  <datafield tag="090" ind1="0" ind2="0">
    <subfield code="a">616.8582</subfield>
    <subfield code="b">SAE</subfield>
    <subfield code="d">G</subfield>
  </datafield>
  <datafield tag="100" ind1="0" ind2=" ">
    <subfield code="a">Saedah A. Ghani,</subfield>
    <subfield code="c">Dr.,</subfield>
    <subfield code="e">author.</subfield>
  </datafield>
  <datafield tag="245" ind1="1" ind2="0">
    <subfield code="a">PENGURUSAN KEMARAHAN :</subfield>
    <subfield code="b">Pengenalan &amp; Latihan /</subfield>
    <subfield code="c">SAEDAH A. GHANI, REZKI PERDANI SAWAI</subfield>
  </datafield>
  <datafield tag="264" ind1=" " ind2="1">
    <subfield code="a">Bandar Baru Nilai, Negeri Sembilan :</subfield>
    <subfield code="b">Penerbit USIM,</subfield>
    <subfield code="c">2018</subfield>
  </datafield>
  <datafield tag="300" ind1=" " ind2=" ">
    <subfield code="a">viii, 86 pages ;</subfield>
    <subfield code="c">23 cm</subfield>
  </datafield>
  <datafield tag="336" ind1=" " ind2=" ">
    <subfield code="a">text</subfield>
    <subfield code="2">rdacontent</subfield>
  </datafield>
  <datafield tag="337" ind1=" " ind2=" ">
    <subfield code="a">unmediated</subfield>
    <subfield code="2">rdamedia</subfield>
  </datafield>
  <datafield tag="338" ind1=" " ind2=" ">
    <subfield code="a">volume</subfield>
    <subfield code="2">rdacarrier</subfield>
  </datafield>
  <datafield tag="500" ind1=" " ind2=" ">
    <subfield code="a">Includes index</subfield>
  </datafield>
  <datafield tag="500" ind1=" " ind2=" ">
    <subfield code="a">Includes questions and exercises</subfield>
  </datafield>
  <datafield tag="504" ind1=" " ind2=" ">
    <subfield code="a">Bibliography: pages [81]-82</subfield>
  </datafield>
  <datafield tag="650" ind1="1" ind2="0">
    <subfield code="a">Anger</subfield>
    <subfield code="x">Treatment</subfield>
  </datafield>
  <datafield tag="650" ind1="2" ind2="0">
    <subfield code="a">Anger</subfield>
  </datafield>
  <datafield tag="650" ind1="2" ind2="0">
    <subfield code="a">Cognitive therapy</subfield>
    <subfield code="x">Methods</subfield>
  </datafield>
  <datafield tag="650" ind1="2" ind2="0">
    <subfield code="a">Aggression</subfield>
    <subfield code="x">psychology</subfield>
  </datafield>
  <datafield tag="650" ind1="2" ind2="0">
    <subfield code="a">Government publications</subfield>
    <subfield code="z">Malaysia</subfield>
  </datafield>
  <datafield tag="700" ind1="0" ind2=" ">
    <subfield code="a">Rezki Perdani Sawai,</subfield>
    <subfield code="e">author.</subfield>
  </datafield>
  <datafield tag="942" ind1=" " ind2=" ">
    <subfield code="2">ddc</subfield>
    <subfield code="c">B</subfield>
  </datafield>
  <datafield tag="952" ind1=" " ind2=" ">
    <subfield code="0">0</subfield>
    <subfield code="7">0</subfield>
    <subfield code="b">PPAK</subfield>
    <subfield code="c">G</subfield>
    <subfield code="d">2018-10-03</subfield>
    <subfield code="l">3</subfield>
    <subfield code="m">1</subfield>
    <subfield code="o">616.8582 SAE</subfield>
    <subfield code="p">A01581641</subfield>
    <subfield code="r">2026-06-25 16:39:20</subfield>
    <subfield code="s">2026-06-02</subfield>
    <subfield code="y">B</subfield>
  </datafield>
  <datafield tag="952" ind1=" " ind2=" ">
    <subfield code="0">0</subfield>
    <subfield code="7">0</subfield>
    <subfield code="b">PPAK</subfield>
    <subfield code="c">G</subfield>
    <subfield code="d">2018-10-03</subfield>
    <subfield code="l">1</subfield>
    <subfield code="m">3</subfield>
    <subfield code="o">616.8582 SAE</subfield>
    <subfield code="p">A01581642</subfield>
    <subfield code="r">2018-12-30 00:00:00</subfield>
    <subfield code="s">2018-12-03</subfield>
    <subfield code="y">B</subfield>
  </datafield>
  <datafield tag="952" ind1=" " ind2=" ">
    <subfield code="0">0</subfield>
    <subfield code="7">0</subfield>
    <subfield code="b">SP</subfield>
    <subfield code="c">G</subfield>
    <subfield code="d">2018-10-03</subfield>
    <subfield code="l">1</subfield>
    <subfield code="o">616.8582 SAE</subfield>
    <subfield code="p">A01581643</subfield>
    <subfield code="r">2019-09-03 00:00:00</subfield>
    <subfield code="s">2019-08-17</subfield>
    <subfield code="y">B</subfield>
  </datafield>
  <datafield tag="952" ind1=" " ind2=" ">
    <subfield code="0">0</subfield>
    <subfield code="7">0</subfield>
    <subfield code="b">JT</subfield>
    <subfield code="c">G</subfield>
    <subfield code="d">2018-10-03</subfield>
    <subfield code="o">616.8582 SAE</subfield>
    <subfield code="p">A01581644</subfield>
    <subfield code="r">2018-10-03 00:00:00</subfield>
    <subfield code="y">B</subfield>
  </datafield>
</record>
